cmソングクイズ - Statistics

General Stats
  • This quiz has been taken 73 times
  • The average score is 8 of 15
Answer Stats
歌いだし Answer % Correct
ピアノ売ってちょうだい タケモトピアノ
89%
まあるい緑の山手線 まんなか通るは中央線 ヨドバシカメラ
83%
ハマチ 中とろ 甘えびロール サーモン ハンバーグ かっぱ寿司
78%
きつね たぬき 天ぷら 月見 ヒガシマルうどんスープ
74%
ホントにホントにホントにホントにライオンだ 富士サファリパーク
69%
この木なんの木気になる木 日立
63%
いつまでも いつまでも 走れ走れ いすゞ
60%
ハト麦玄米月見草 爽健美茶
55%
ふくふくふくろう池袋 でんでんでんしゃが8路線 ビックカメラ
55%
カステラ1番電話は2番3時のおやつは〇〇〇 文明堂
55%
タラタタッタタ 長谷工
42%
伊東に行くなら〇〇〇 電話はヨイフロ ハトヤ
35%
都会の空でも ふるさとだろ 積水ハウス
18%
どこまでも どこまでも 果てしない空 立志舎
18%
あなたはいま どの空を見ているの 小田急電鉄
9%
No matching quizzes found
Score Distribution
Percent of People with Each Score
Percentile by Number Answered
Your Score History
You have not taken this quiz